Statistiques concernant Entraineurs de Premier League Saison 2023-2024

Cliquez ici pour prendre le quiz!

Statistiques générales

  • Ce quiz a été pris 76 fois
    (42 depuis la dernière actualisation)
  • Le résultat moyen est 11 sur 20

Statistiques - réponses

ClubsRéponses% Correct
LiverpoolJürgen Klopp
100%
Manchester CityPep Guardiola
100%
Manchester UnitedErik ten Hag / Ten Hag / Hag
97%
ArsenalMikel Arteta
97%
Aston VillaUnai Emery
94%
ChelseaMauricio Pochettino
89%
BrightonRoberto De Zerbi / De Zerbi / Zerbi
86%
BurnleyVincent Kompany
72%
West HamDavid Moyes
69%
NewcastleEddie Howe
64%
TottenhamAnge Postecoglou
56%
EvertonSean Dyche
53%
BrentfordThomas Frank
44%
Nottingham ForestNuno Espírito Santo / Espirito / Santo
28%
FulhamMarco Silva
25%
Crystal PalaceOliver Glasner
22%
BournemouthAndoni Iraola
19%
Luton TownRob Edwards
14%
WolvesGary O'Neil
11%
SheffieldChris Wilder
6%

Distribution des résultats

Percentile par nombre de réponses

% des personnes avec chaque résultat

Votre développement - résultats

Vous n’avez pas pris ce quiz depuis la dernière actualisation